| 000 | 00448nam a2200181Ia 4500 | ||
|---|---|---|---|
| 008 | 170918s9999 xx 000 0 und d | ||
| 020 | _a9780545538251 | ||
| 050 | _bS287wa 2015 | ||
| 100 | _aScattergood, Augusta | ||
| 245 | 4 | _aThe way to stay in destiny / | |
| 245 | _cby Augusta Scattergood. | ||
| 260 | _aNew York : | ||
| 260 | _bScholastic, | ||
| 260 | _c2015 | ||
| 300 | _a179 pages : | ||
| 300 | _billustrations ; | ||
| 300 | _c19cm. | ||
| 999 |
_c344334 _d344334 |
||